[Event "Saint Affrique op 22nd"]
[Site "Saint Affrique"]
[Date "2014.07.19"]
[Round "1"]
[White "Lafitte, Luc"]
[Black "Meyer, Bernard"]
[Result "1-0"]
[WhiteElo "1867"]
[BlackElo "1397"]
[PlyCount "55"]
[EventDate "2014.07.19"]
[EventType "swiss"]
[EventRounds "9"]
[EventCountry "FRA"]
[SourceTitle "CBM 161 Extra"]
[Source "ChessBase"]
[SourceDate "2014.08.29"]
[SourceVersion "1"]
[SourceVersionDate "2014.08.29"]
[SourceQuality "1"]

1. e4 e6 2. d4 d5 3. exd5 exd5 4. Be3 Nf6 5. Nf3 Bg4 6. Bd3 Nbd7 7. Nbd2 c5 8. 0-0 cxd4 9. Bxd4 Be7 10. h3 Bh5 11. c3 0-0 12. Re1 Re8 13. Bb5 a6 14. Ba4 h6 15. Re3 b5 16. Bc2 Rc8 17. Nf1 Bd6 18. Rxe8+ Qxe8 19. Ne3 Bc5 20. g4 Bg6 21. Bxg6 fxg6 22. a4 g5 23. axb5 axb5 24. Qd3 Bd6 25. Nf5 Bf4 26. Re1 Ne4 27. Qxb5 Rb8 28. Qxd5+ 1-0

[Event "Le Touquet op 27th"]
[Site "Le Touquet"]
[Date "2012.11.02"]
[Round "9"]
[White "Lafitte, Luc"]
[Black "Renard, Stephane"]
[Result "0-1"]
[WhiteElo "1927"]
[BlackElo "1963"]
[PlyCount "72"]
[EventDate "2012.10.27"]
[EventType "swiss"]
[EventRounds "9"]
[EventCountry "FRA"]
[SourceTitle "EXT 2020"]
[Source "ChessBase"]
[SourceDate "2019.10.17"]
[SourceVersion "1"]
[SourceVersionDate "2019.10.17"]
[SourceQuality "1"]

1. e4 g6 2. d4 d6 3. Nf3 Bg7 4. Nc3 a6 5. Bd3 e6 6. Be3 Ne7 7. Qd2 h6 8. 0-0-0 Nd7 9. e5 d5 10. Ne2 b6 11. Kb1 c5 12. c3 c4 13. Bc2 b5 14. Nc1 a5 15. a3 Nc6 16. Na2 Bf8 17. Ka1 Nb6 18. b4 cxb3 19. Bxb3 Qe7 20. Qe2 Ba6 21. Bc1 b4 22. Qc2 bxa3 23. Ba4 Qc7 24. Nd2 Be7 25. Nb1 Nc4 26. Qb3 0-0 27. Nxa3 Rfb8 28. Bxh6 Rxb3 29. Nxc4 Bxc4 30. Bxb3 Bxb3 31. Rb1 Rb8 32. Rb2 Ba3 33. Rd2 Bxa2 34. Rxa2 Nxd4 35. Rxa3 Nc2+ 36. Ka2 Qc4+ 0-1

[Event "FRA-ch Accession"]
[Site "Besancon"]
[Date "2006.08.19"]
[Round "5"]
[White "Lafitte, Luc"]
[Black "Rodrigues, Gilbert"]
[Result "0-1"]
[WhiteElo "1942"]
[BlackElo "1890"]
[PlyCount "88"]
[EventDate "2006.08.15"]
[EventType "swiss"]
[EventRounds "10"]
[EventCountry "FRA"]
[SourceTitle "CBM 113 Extra"]
[Source "ChessBase"]
[SourceDate "2006.09.14"]
[SourceVersion "1"]
[SourceVersionDate "2006.09.14"]
[SourceQuality "1"]

1. e4 c5 2. Nc3 Nc6 3. g3 g6 4. Bg2 Bg7 5. d3 d6 6. f4 e6 7. Nf3 Nge7 8. Be3 Nd4 9. 0-0 0-0 10. Qd2 Rb8 11. Nd1 b6 12. c3 Nxf3+ 13. Bxf3 d5 14. e5 d4 15. cxd4 cxd4 16. Bf2 Bb7 17. Qe2 Qd7 18. Be1 Bxf3 19. Qxf3 Qb5 20. Qe2 Rbc8 21. Nf2 Nf5 22. Ne4 h5 23. Bf2 Rc6 24. Rfd1 Rfc8 25. h3 Rc2 26. Rd2 Qxb2 27. Rad1 Qxa2 28. g4 hxg4 29. hxg4 Ne3 30. Bxe3 dxe3 31. Qxe3 Rxd2 32. Rxd2 Rc1+ 33. Kf2 Qa1 34. Qh3 Qd4+ 35. Ke2 Qg1 36. d4 Qe1+ 37. Kd3 Ra1 38. Rc2 Qd1+ 39. Nd2 b5 40. Rc8+ Bf8 41. f5 Ra3+ 42. Rc3 Rxc3+ 43. Kxc3 Qc1+ 44. Kd3 Qa3+ 0-1

[Event "Saint Affrique op 05th"]
[Site "Saint Affrique"]
[Date "1997.??.??"]
[Round "6"]
[White "Maiffret, Patrick"]
[Black "Lafitte, Luc"]
[Result "0-1"]
[WhiteElo "2085"]
[BlackElo "1760"]
[PlyCount "144"]
[EventDate "1997.07.??"]
[EventType "swiss"]
[EventRounds "9"]
[EventCountry "FRA"]
[SourceTitle "EXT 1999"]
[Source "ChessBase"]
[SourceDate "1998.11.16"]
[SourceVersion "1"]
[SourceVersionDate "1998.11.16"]
[SourceQuality "1"]

1. d4 d5 2. c4 Nc6 3. cxd5 Qxd5 4. Nf3 e5 5. Nc3 Bb4 6. Bd2 Bxc3 7. Bxc3 e4 8. Ne5 e3 9. Nxc6 exf2+ 10. Kxf2 Qxc6 11. Qd3 Qf6+ 12. Qf3 Bg4 13. Qxf6 Nxf6 14. Kg3 Be6 15. e3 Ne4+ 16. Kf4 Bd5 17. h4 0-0 18. Rg1 Rfe8 19. Bd3 Nf6 20. Bd2 Rad8 21. Rge1 Bxg2 22. Rac1 Bc6 23. b4 a6 24. Rc5 Be4 25. Bc4 c6 26. Rg1 Bd5 27. Bd3 Rd6 28. a3 Nd7 29. Rc2 Rf6+ 30. Kg4 Be4 31. Bxe4 Rxe4+ 32. Kh3 Rf3+ 33. Rg3 Rf2 34. Rb2 Nf6 35. Bc1 Rf1 36. Bd2 Rh1+ 37. Kg2 Rhxh4 38. Rb1 Rhg4 39. Rxg4 Rxg4+ 40. Kf3 Re4 41. Rg1 Re6 42. Be1 Ne4 43. Bg3 f6 44. Bc7 g6 45. Kf4 Nc3 46. Kf3 Nd5 47. Bf4 Kf7 48. e4 Nc3 49. e5 f5 50. Be3 Re7 51. Rc1 Nd5 52. Bg5 Re8 53. Rc5 Ke6 54. Bd2 Rd8 55. a4 Nc7 56. Ke3 Rd5 57. Rc1 Kf7 58. Kd3 Ne6 59. Be3 f4 60. Rf1 g5 61. Ke4 Kg6 62. Bg1 h5 63. Rb1 Nc7 64. Rb2 Rd8 65. Rc2 Rd5 66. Rb2 h4 67. Rg2 Ne6 68. Rb2 Nc7 69. Rb3 Ne6 70. Rd3 g4 71. Rb3 h3 72. Rd3 g3 0-1